000 00516nam a22001817a 4500
005 20251108171947.0
008 250721s9999 xx 000 0 ara d
082 1 4 _a155.28/كول
100 1 _aكولز، إدوارد سبنسر
245 1 0 _aإعرف نفسك /
264 1 _aالقاهره :
_bدار الهلال،
_c[19-].
300 _a262ص
490 0 _aسلسلة ثقافية شهرية
650 1 7 _aسيكولوجية الفرد
650 1 7 _aالشخصية
942 _2ddc
_cBK
999 _c66954
_d66954